Visualizzazione normale
Vista MARC
- Scaparro Fulvio
di Personal Name
Records bibliografici associati: 1
001 - CONTROL NUMBER
- control field: 62762
003 - CONTROL NUMBER IDENTIFIER
- control field:
005 - DATE AND TIME OF LATEST TRANSACTION
- control field: 20251114132557.0
008 - FIXED-LENGTH DATA ELEMENTS
- fixed length control field: 251114|| aca||aabn | a|a d
040 ## - CATALOGING SOURCE
- Original cataloging agency:
- Transcribing agency:
100 ## - HEADING--PERSONAL NAME
- Personal name: Scaparro Fulvio
670 ## - SOURCE DATA FOUND
- Source citation: Work cat.: ()207393: Scaparro Fulvio, La mediazione familiare: intervento integrativo o alternativo al contesto legale., 1997